Musique et poesie au XVIe siecle : actes du Colloque International du Centre National de la Recherche Scientifique /

Պահպանված է:
Մատենագիտական մանրամասներ
Համատեղ հեղինակ: Centre national de la recherche scientifique (France)
Ձևաչափ: Գիրք
Լեզու:French
Հրապարակվել է: Paris : Centre National de la Recherche Scientifique, 1954.
Շարք:Colloques internationaux du Centre national de la recherche scientifique ;
Խորագրեր:
LEADER 01176nam a22002531 4500
001 c000196977
003 CARM
005 20021125001700.0
008 851003s1954 fr 0 fre d
019 1 |a 3981556  |5 LACONCORD2021 
035 |a (OCoLC)217097916  |5 LACONCORD2021 
110 2 |a Centre national de la recherche scientifique (France). 
245 1 0 |a Musique et poesie au XVIe siecle :  |b actes du Colloque International du Centre National de la Recherche Scientifique /  |c Paris, 30 Juin - 4 juillet 1953. 
260 |a Paris :  |b Centre National de la Recherche Scientifique,  |c 1954. 
490 1 |a Coll / (France - Centre National de la Recherche Scientifique 
500 |a 1973 reprint of 1954 ed. called 2nd ed. 
650 0 |a Music  |y 16th century. 
650 0 |a French poetry  |y 16th century. 
650 0 |a Music and literature. 
830 0 |a Colloques internationaux du Centre national de la recherche scientifique ; 
852 8 |b CARM  |h A2:AL16G0  |i C08027  |p 0285876  |f BK 
082 0 4 |a 841.3 
999 f f |i e5846b51-fb94-577d-a94b-9ce316b4224b  |s 3e637cc5-ba9b-5a7d-8f90-b0e02040c458 
952 f f |p Can circulate  |a CAVAL  |b CAVAL  |c CAVAL  |d CARM 1 Store  |e C08027  |f A2:AL16G0  |h Other scheme  |i book  |m 0285876